Biggest 8-Letter European Cities on a Map - Statistics

General Stats
  • This quiz has been taken 208 times
  • The average score is 20 of 30
Answers on the Map
Answers color-coded by a green-red scale on the quiz's map according to % correct below.
 
Answer Stats
Population City % Correct
15,113,808 İstanbul
99%
1,752,286 Budapest
95%
656,920 Helsinki
94%
1,166,763 Belgrade
93%
348,363 Sarajevo
93%
800,215 València
92%
532,513 Chișinău
89%
359,755 Florence
87%
486,828 Toulouse
82%
681,877 Zaragoza
79%
547,757 The Hague
78%
588,250 Dortmund
77%
290,553 Katowice
72%
310,658 Mannheim
72%
498,686 Duisburg
68%
337,482 Alicante
66%
382,073 Coventry
63%
296,582 Augsburg
60%
398,255 Szczecin
60%
1,050,602 Voronezh
56%
366,187 Bradford
53%
436,569 Mariupol
51%
320,170 Smolensk
45%
572,819 Orenburg
44%
391,702 Belgorod
41%
693,072 Tolyatti
41%
480,080 Mykolaïv
40%
352,347 Vladimir
37%
341,362 Makiivka
26%
323,853 Volzhsky
26%
No matching quizzes found
Score Distribution
Percent of People with Each Score
Percentile by Number Answered
Your Score History
You have not taken this quiz